| 000 | 00552nam a22001817a 4500 | ||
|---|---|---|---|
| 003 | OSt | ||
| 005 | 20250812052319.0 | ||
| 008 | 240601b |||||||| |||| 00| 0 eng d | ||
| 020 | _a978572026363 | ||
| 040 |
_aDWCL-Main lib. _cOC |
||
| 082 | _aCirc. 641.59411 Y31n 2002 | ||
| 100 | _aYates, Annette | ||
| 245 |
_aNew recipes for your slo-cooker: _bgood food from slo-cooker/ _cAnnette Yates |
||
| 260 |
_aLondon : _bFoulsham, _cc2002. |
||
| 300 |
_a144 pages : _billustrations ; _c22cm. |
||
| 650 | _a1. Cooking British. | ||
| 942 |
_2ddc _cBK-CIRC _kCirc. _n0 |
||
| 999 |
_c80 _d80 |
||